Catalog

Record Details

Catalog Search



If you ever want to bring a circus to the library, don't!  Cover Image Book Book

If you ever want to bring a circus to the library, don't! / Elise Parsley.

Parsley, Elise, (author,, illustrator.).

Summary:

"Magnolia returns to explain the many downsides to bringing a circus to a local library"-- Provided by publisher.

Record details

  • ISBN: 9780316376617
  • ISBN: 0316376612
  • Physical Description: 1 volume (unpaged) : color illustrations ; 31 cm
  • Edition: First edition.
  • Publisher: New York : Little, Brown and Company, ©2017.
Subject: Condron, Helene -- Memorial.
Circus > Juvenile fiction.
Libraries > Juvenile fiction.
Picture books.
Humorous stories.

Available copies

  • 1 of 1 copy available at scottsboropl.

Holds

  • 0 current holds with 1 total copy.
Show Only Available Copies
Location Call Number / Copy Notes Barcode Shelving Location Status Due Date
scottsboropl E Par 32269001012882 Juvenile - Easy Available -

LDR 01344nam a22003738i 4500
001143905
003CONS
00520170710092418.0
008160608s2017 nyua b 000 1 eng
010 . ‡a 2016016571
020 . ‡a9780316376617 ‡q(hardback)
020 . ‡a0316376612 ‡q(hardback)
035 . ‡a(CPomAG)LMN600562
042 . ‡alcac ‡apcc
05000. ‡aPZ7.P2495 ‡bIb 2017
08200. ‡a[E] ‡223
1001 . ‡aParsley, Elise, ‡eauthor, ‡eillustrator.
24510. ‡aIf you ever want to bring a circus to the library, don't! / ‡cElise Parsley.
250 . ‡aFirst edition.
264 1. ‡aNew York : ‡bLittle, Brown and Company, ‡c©2017.
300 . ‡a1 volume (unpaged) : ‡bcolor illustrations ; ‡c31 cm
336 . ‡atext ‡btxt ‡2rdacontent
336 . ‡astill image ‡bsti ‡2rdacontent
337 . ‡aunmediated ‡bn ‡2rdamedia
338 . ‡avolume ‡bnc ‡2rdacarrier
520 . ‡a"Magnolia returns to explain the many downsides to bringing a circus to a local library"-- ‡cProvided by publisher.
60014. ‡aCondron, Helene -- Memorial.
650 0. ‡aCircus ‡vJuvenile fiction.
650 0. ‡aLibraries ‡vJuvenile fiction.
650 0. ‡aPicture books.
650 1. ‡aHumorous stories.
914 . ‡aSCP_jd
959 . ‡i32269001012882 ‡lE Par ‡aJuvenile - Easy ‡tEasy ‡g18.00
852 . ‡p32269001012882 ‡jE Par ‡gJuvenile - Easy ‡cEasy ‡y18.00 ‡bSBPL
901 . ‡a143905 ‡bUnknown ‡c143905 ‡tbiblio

Additional Resources